000
00304nam a22001337a 4500
008
170508b xxu||||| |||| 00| 0 eng d
020
_a
9780131719507
041
_a
eng
080
_2
9TH
_a
343.9
100
_a
15
101
_a
SHJ
245
_a
CRIMINAL JUSTICE TODAY
_c
SCHMALLEGER ,F
942
_2
udc
_c
BK
999
_c
12881
_d
12881